|
|
|
|
| LEADER |
00618nam a22001817a 4500 |
| 020 |
|
|
|a 978-81-7012-998-1
|
| 074 |
|
|
|a 5495
|
| 082 |
|
|
|a 346.059 GAN'07
|
| 100 |
|
|
|a B.M Gandhi
|9 152
|
| 245 |
|
|
|a Equity,trusts and specific relief
|b : along with a chapter on judiciary relationships
|
| 250 |
|
|
|a ed.4
|
| 260 |
|
|
|a Lucknow
|b Eastern Book Company
|c 2007
|
| 300 |
|
|
|a Lxvii,498p.
|
| 500 |
|
|
|a include index
|
| 500 |
|
|
|a include tables
|
| 653 |
|
|
|a Law
|a Justice
|
| 999 |
|
|
|c 161
|d 161
|
| 952 |
|
|
|0 0
|1 0
|2 udc
|4 0
|6 346059_GAN07
|7 0
|9 241
|a NUALS
|b NUALS
|d 2009-07-06
|l 1
|o 346.059 GAN'07
|p 5495
|q 2016-08-18
|r 2016-07-28
|s 2016-07-28
|t 1
|w 2009-07-06
|y BK
|